00300 2200133 4500001002100000005001500021035002000036245003400056100001200090260003100102082000800133084001400141990001100155INLIS00000000000249020250604111659 a0010-06250000761 aPada Sebuah Kapal /cNH. Dini0 aNH Dini aJakarta :bGramedia,c2000 a800 a800 NH p a000061